Down and out (Record no. 68651)

MARC details
000 -LEADER
fixed length control field 01230cam a2200289 4500
001 - CONTROL NUMBER
control field ABS64631
008 - FIXED-LENGTH DATA ELEMENTS--GENERAL INFORMATION
fixed length control field 011024n2001 000 0 eng u
035 ## - SYSTEM CONTROL NUMBER
System control number (Sirsi) u115268
100 ## - MAIN ENTRY--PERSONAL NAME
Personal name Ferguson, A
245 ## - TITLE STATEMENT
Title Down and out
260 ## - PUBLICATION, DISTRIBUTION, ETC.
Date of publication, distribution, etc. 2001
490 ## - SERIES STATEMENT
Series statement Building Design
Volume/sequential designation (1505) 12 October 2001, 10-11(2)
520 ## - SUMMARY, ETC.
Summary, etc. Anthony Ferguson from Arup Fire reports on his company's research into using lift evacuation as part of the fire strategy for tall office buildings. Discusses evacuation by lift in the wake of the World Trade Center disaster, and questions whether lifts will work in the event of power failure, explosions or heat from fire. Observes that BS5588 part 5 allows for the use of lifts in emergency conditions and describes Arup's lift evacuation model. Diagrams and graph.
590 ## - LOCAL NOTE (RLIN)
Local note ABS
650 ## - SUBJECT ADDED ENTRY--TOPICAL TERM
Topical term or geographic name entry element TALL BUILDINGS
650 ## - SUBJECT ADDED ENTRY--TOPICAL TERM
Topical term or geographic name entry element BS 5588
650 ## - SUBJECT ADDED ENTRY--TOPICAL TERM
Topical term or geographic name entry element WORLD TRADE CENTER
650 ## - SUBJECT ADDED ENTRY--TOPICAL TERM
Topical term or geographic name entry element HIGH RISE BUILDINGS
650 ## - SUBJECT ADDED ENTRY--TOPICAL TERM
Topical term or geographic name entry element EVACUATION
650 ## - SUBJECT ADDED ENTRY--TOPICAL TERM
Topical term or geographic name entry element ARUP FIRE
650 ## - SUBJECT ADDED ENTRY--TOPICAL TERM
Topical term or geographic name entry element LIFTS
650 ## - SUBJECT ADDED ENTRY--TOPICAL TERM
Topical term or geographic name entry element BUILT ENVIRONMENT-CONSTRUCTION DESIGN
650 ## - SUBJECT ADDED ENTRY--TOPICAL TERM
Topical term or geographic name entry element MANAGEMENT-HEALTH AND SAFETY-FIRE SAFETY
650 ## - SUBJECT ADDED ENTRY--TOPICAL TERM
Topical term or geographic name entry element OFFICE BUILDINGS
690 ## - LOCAL SUBJECT ADDED ENTRY--TOPICAL TERM (OCLC, RLIN)
Topical term or geographic name as entry element BUILT ENVIRONMENT-CONSTRUCTION DESIGN
942 ## - ADDED ENTRY ELEMENTS (KOHA)
Suppress in OPAC 0
Holdings
Withdrawn status Lost status Source of classification or shelving scheme Damaged status Not for loan Home library Current library Shelving location Date acquired Total Checkouts Full call number Barcode Date last seen Copy number Price effective from Koha item type
    Dewey Decimal Classification     London London Journal article 24/10/2001   ABS64631 115268-1001 06/08/2019 1 06/08/2019 Journal article